Tom Cruise Movies - Statistics

General Stats
  • This quiz has been taken 33 times
  • The average score is 11 of 16
Answer Stats
Picture Answer % Correct
Mission: Impossible
97%
Top Gun
97%
Rain Man
86%
Jerry Maguire
83%
A Few Good Men
79%
Days of Thunder
72%
Interview with the Vampire
72%
The Last Samurai
72%
Eyes Wide Shut
69%
Tropic Thunder
62%
Edge of Tomorrow
59%
Knight and Day
59%
Top Gun: Maverick
59%
War of the Worlds
48%
Oblivion
45%
Rock of Ages
41%
No matching quizzes found
Score Distribution
Percent of People with Each Score
Percentile by Number Answered
Your Score History
You have not taken this quiz